Southville International School and Colleges
Your cart is empty.
  • Cart
  • Lists
    Public lists Eva Luna New books Lux_list list_1
    Your lists Log in to create your own lists
  • Log in to your account
  • Your cookies
  • Search history
Southville International School and Colleges
  • Advanced search
  • Recent comments
  • Most popular
  • Libraries

Log in to your account

Log in with GOOGLE


If you do not have an external account, but do have a local account, you can still log in:

  1. Home
  2. MARC view: Academic writing :
Normal view MARC view ISBD view

Academic writing : (Record no. 357387)

[ view plain ]
MARC details
000 -LEADER
fixed length control field 00653nam a2200229Ia 4500
008 - FIXED-LENGTH DATA ELEMENTS--GENERAL INFORMATION
fixed length control field 180523s9999 xx 000 0 und d
020 ## - INTERNATIONAL STANDARD BOOK NUMBER
International Standard Book Number 1-4050-8606-8
050 ## - LIBRARY OF CONGRESS CALL NUMBER
Classification number MAIN PE 1439
050 ## - LIBRARY OF CONGRESS CALL NUMBER
Item number .Z46 2003
100 ## - MAIN ENTRY--PERSONAL NAME
Personal name Zemach, Dorothy E.
245 #0 - TITLE STATEMENT
Title Academic writing :
245 #0 - TITLE STATEMENT
Remainder of title from paragraph to essay /
245 #0 - TITLE STATEMENT
Statement of responsibility, etc Dorothy E. Zemach, Lisa A. Rumisek.
260 ## - PUBLICATION, DISTRIBUTION, ETC. (IMPRINT)
Place of publication, distribution, etc [s.l.] :
260 ## - PUBLICATION, DISTRIBUTION, ETC. (IMPRINT)
Name of publisher, distributor, etc MacMillan,
260 ## - PUBLICATION, DISTRIBUTION, ETC. (IMPRINT)
Date of publication, distribution, etc 2003
300 ## - PHYSICAL DESCRIPTION
Extent 128 pages :
300 ## - PHYSICAL DESCRIPTION
Other physical details illustrations (some colored) ;
300 ## - PHYSICAL DESCRIPTION
Dimensions 27 cm.
650 ## - SUBJECT ADDED ENTRY--TOPICAL TERM
Topical term or geographic name as entry element English language -- Paragraphs -- Problems, exercises, etc.
650 ## - SUBJECT ADDED ENTRY--TOPICAL TERM
General subdivision English language -- Rhetoric.
Holdings
Withdrawn status Lost status Damaged status Home library Current library Shelving location Date acquired Total Checkouts Full call number Barcode Date last seen Price effective from Koha item type
      South Mansfield College South Mansfield College   01/30/2007   MAIN PE 1439 .Z46 2003 SMC03517 05/23/2018 05/23/2018  

Academic writing :

APA

Zemach D. E., .Academic writing. [s.l.]: .

Chicago

Zemach Dorothy E, .Academic writing. [s.l.]: .

Harvard

Zemach D. E., .Academic writing. [s.l.]: .

MLA

Zemach Dorothy E, .[s.l.]: . .

  • Place hold
  • Print
  • Cite
  • Add to your cart (remove)
  • Save record
    BIBTEX Dublin Core MARCXML MARC (non-Unicode/MARC-8) MARC (Unicode/UTF-8) MARC (Unicode/UTF-8, Standard) MODS (XML) RIS
  • More searches
    Search for this title in:
    Other Libraries (WorldCat) Other Databases (Google Scholar) Online Stores (Bookfinder.com) Open Library (openlibrary.org)

Exporting to Dublin Core...

SOUTHVILLE LIBRARY

Southville International School and Colleges Library

1281 Tropical Ave. Cor. Luxembourg St., BF Homes International, Las Pinas City

Tel. No. 8256374 / 252358 Loc. 117/146

Powered by Koha